Statistiques concernant Drapeaux vers capitales

Cliquez ici pour prendre le quiz!

Statistiques générales

  • Ce quiz a été pris 120 fois
  • Le résultat moyen est 95 sur 196

Statistiques - réponses

Réponse% Correct
Canberra
100%
Dublin
100%
Londres
100%
Paris
100%
Rome
100%
Washington
100%
Amsterdam
99%
Moscou
99%
Tokyo
99%
Ottawa
97%
Séoul
96%
Athènes
94%
Brasilia
94%
Oslo
93%
Stockholm
92%
Wellington
92%
Helsinki
90%
Berne
88%
Bruxelles
88%
Copenhague
88%
Pékin
88%
Alger
85%
Madrid
83%
Tunis
83%
Mexico
82%
Vatican
82%
Buenos Aires
81%
Sofia
81%
Ankara
79%
Berlin
79%
Jerusalem
79%
La Valette
78%
Varsovie
78%
Budapest
76%
New Delhi
76%
Monaco
75%
Nicosie
75%
Reykjavik
75%
Vienne
74%
Beyrouth
72%
Saint-Marin
72%
Lisbonne
71%
Zagreb
69%
Tirana
68%
Montevideo
67%
Hanoï
65%
Le Caire
64%
Lima
64%
Luxembourg
64%
Pretoria
64%
Bucarest
63%
Dacca
61%
Nairobi
61%
Pyongyang
61%
Rabat
61%
Katmandou
60%
Kiev
58%
Kingston
58%
Prague
58%
Pristina
58%
Yamoussoukro
58%
Minsk
57%
Panama
57%
Tbilissi
57%
Santiago
56%
Skopje
56%
Andorre-la-Vieille
54%
Antananarivo
54%
Jakarta
54%
Kuala Lumpur
54%
Ljubljana
54%
Saint Domingue
54%
Bratislava
53%
Sarajevo
53%
Singapour
53%
Belgrade
51%
Kinshasa
51%
La Havane
51%
Riyad
51%
Yaoundé
51%
Bagdad
50%
Bangkok
50%
Doha
50%
Téhéran
50%
Vaduz
50%
Vilnius
50%
Caracas
47%
Quito
47%
Koweït
46%
Libreville
46%
Taipei
46%
Bogota
44%
Damas
44%
Tallinn
44%
Dakar
43%
Kaboul
43%
Djibouti
42%
Asuncion
40%
Bakou
40%
Brazzaville
40%
Islamabad
40%
Malé
40%
Manille
40%
Ouagadougou
40%
Phnom Penh
40%
Tripoli
40%
Port Moresby
39%
Riga
39%
San Salvador
39%
Bamako
38%
Chisinau
38%
Port-au-Prince
38%
Sucre
38%
Tachkent
38%
Amman
36%
Podgorica
36%
Thimphou
36%
Victoria
36%
Vientiane
36%
Bissau
35%
Mascate
35%
Nassau
35%
Sanaa
35%
San José
35%
Abu Dhabi
33%
Astana
33%
Belmopan
33%
Erevan
33%
Guatemala
33%
Lomé
33%
Mbabane
33%
Sao-Tomé
33%
Dodoma
32%
Georgetown
32%
Monrovia
32%
Ngerulmud
32%
Oulan-Bator
32%
Port d'Espagne
32%
Roseau
32%
Addis-Abeba
31%
Bridgetown
31%
Dili
31%
Manama
31%
Nouakchott
31%
Tegucigalpa
29%
Achgabat
28%
Apia
28%
Bandar Seri Begawan
28%
Douchanbé
28%
Luanda
28%
Maputo
28%
Niamey
28%
Nuku Alofa
28%
Paramaribo
28%
Port Louis
28%
Abuja
26%
Harare
26%
Majuro
26%
Windhoek
26%
Asmara
25%
Conakry
25%
Gaborone
25%
Kampala
25%
Lilongwe
25%
Managua
25%
Mogadiscio
25%
Moroni
25%
N'Djamena
25%
Porto-Novo
25%
Praia
25%
Suva
25%
Accra
24%
Basseterre
24%
Bichkek
24%
Freetown
24%
Kigali
24%
Naypyidaw
24%
Castries
22%
Djouba
22%
Funafuti
22%
Kingstown
22%
Malabo
22%
Palikir
22%
Saint George
22%
Yaren
22%
Bangui
21%
Port-Vila
21%
Saint-John's
21%
Tarawa
21%
Banjul
19%
Gitega
19%
Lusaka
19%
Maseru
19%
Honiara
18%
Khartoum
18%
Sri Jayawardenapura Kotte
17%

Distribution des résultats

Percentile par nombre de réponses

% des personnes avec chaque résultat

Votre développement - résultats

Vous n’avez pas pris ce quiz